000 00327nam a2200133Ia 4500
008 191201s2007 xx 000 0 und d
082 _a006.6
_bROP
100 _aROGERS, Devid F
245 0 _aProcediral Elements for Computer Graphics
260 _aN.Delhi
_c2007
_bTMH
300 _a-
650 _aB.Tech(IT)
942 _2ddc
_cBK
999 _c2802
_d2802